| 000 | 00343nam a22001337a 4500 | ||
|---|---|---|---|
| 008 | 250703b |||||||| |||| 00| 0 eng d | ||
| 020 | _a9582641470 | ||
| 050 |
_aHD2117 _b.L48 |
||
| 100 | _aHAVINDEN Michael | ||
| 245 | _aEconomics of African Agriculture | ||
| 260 |
_aGreat Britain _bButler & Tanner _c1982 |
||
| 300 | _avii, 175p. | ||
| 942 | _cBK | ||
| 999 |
_c4090 _d4090 |
||